[Event "WYCC Boys U18"]
[Site "Vung Tau City VIE"]
[Date "2008.10.20"]
[Round "1"]
[White "Mitrovic,B"]
[Black "Pereira,Rub"]
[Result "1-0"]
[WhiteElo "2146"]
[BlackElo "2437"]

1.e4 c5 2.Nf3 d6 3.d4 cxd4 4.Nxd4 Nf6 5.Nc3 a6 6.Be3 e5 7.Nf3 Qc7 8.a4 Nbd7
9.a5 Be7 10.Nd2 b5 11.axb6 Nxb6 12.Bd3 O-O 13.O-O Bb7 14.Bxb6 Qxb6 15.Nc4 Qc7
16.Ne3 Rfb8 17.Ra2 Bf8 18.Qd2 g6 19.Ned5 Nxd5 20.Nxd5 Bxd5 21.exd5 Rb6 22.Rfa1 Qb7
23.b3 Qxd5 24.Qe3 Qc6 25.Be4 d5 26.Bxd5 Qxd5 27.Qxb6 Bc5 28.Qa5 Rd8 29.Rf1 Qd4
30.Qxa6 Qc3 31.Qc4 Qxc4 32.bxc4 Rd4 33.c3 Rxc4 34.Rc2 f5 35.Rb1 e4 36.Kf1 Be7
37.Ke2 Bf6 38.Kd2 Bg5+ 39.Ke2 Bf6 40.Rb3 Kg7 41.g3 Kh6 42.f4 Bd4 43.Kd2 Bc5
44.Rb7 Ra4 45.c4 Ra1 46.Rb5 Bd4 47.Rd5 Bb6 48.c5 Ba5+ 49.Ke3 Re1+ 50.Kd4 Kh5
51.c6 Bb6+ 52.Ke5 Kg4 53.c7 Bxc7+ 54.Rxc7 Rh1 55.Rxh7 Kf3 56.Kf6 e3 57.Re5 e2
58.Kxg6 e1=Q 59.Rxe1 Rxe1 60.Kxf5 Ra1 61.Re7  1-0

[Event "TCh-CHN Torch Real Estate Cup"]
[Site "Jiangsu Wuxi CHN"]
[Date "2008.10.22"]
[Round "10"]
[White "Wen Yang"]
[Black "Zhou Weiqi"]
[Result "1/2-1/2"]
[WhiteElo "2497"]
[BlackElo "2560"]

1.e4 c5 2.Nf3 d6 3.d4 cxd4 4.Nxd4 Nf6 5.Nc3 a6 6.Be3 e6 7.a4 Nc6 8.Bd3 e5
9.Nde2 d5 10.Nxd5 Nxd5 11.exd5 Qxd5 12.O-O f5 13.c3 Qf7 14.f4 e4 15.Bc2 Be6
16.Bb6 Be7 17.Nd4 Nxd4 18.Qxd4 O-O 19.Rfd1  1/2-1/2

[Event "TCh-CHN Torch Real Estate Cup"]
[Site "Jiangsu Wuxi CHN"]
[Date "2008.10.22"]
[Round "10"]
[White "Ji Dan"]
[Black "Zhang Zhong"]
[Result "0-1"]
[WhiteElo "2286"]
[BlackElo "2613"]

1.e4 c5 2.Nf3 d6 3.d4 cxd4 4.Nxd4 Nf6 5.Nc3 a6 6.Be3 e6 7.Qf3 Qc7 8.g4 h5
9.g5 Ng4 10.O-O-O Nc6 11.h3 Nxe3 12.Qxe3 g6 13.f4 Bg7 14.Nb3 Bd7 15.Qd2 Ke7
16.f5 Be5 17.f6+ Kd8 18.Kb1 Rc8 19.h4 Qb6 20.Rh3 Kc7 21.Ne2 Kb8 22.Nec1 d5
23.Nd3 Bd6 24.Bg2 Rhd8 25.exd5 exd5 26.Re3 d4 27.Ree1 Bg4 28.Rc1 Nb4 29.Ne5 Be6
30.Nd3 Nxd3 31.Qxd3 Bf4 32.Rcd1 Be3 33.Be4 Bc4  0-1

[Event "WYCC Boys U18"]
[Site "Vung Tau City VIE"]
[Date "2008.10.22"]
[Round "3"]
[White "Ludwig,Dan"]
[Black "Ashwin,J"]
[Result "1/2-1/2"]
[WhiteElo "2400"]
[BlackElo "2437"]

1.e4 c5 2.Nf3 d6 3.d4 cxd4 4.Nxd4 Nf6 5.Nc3 a6 6.Be3 Ng4 7.Bg5 h6 8.Bh4 g5
9.Bg3 Bg7 10.h3 Ne5 11.f3 Nbc6 12.Bf2 Ng6 13.Qd2 Nxd4 14.Bxd4 Bxd4 15.Qxd4 Be6
16.h4 Rg8 17.hxg5 hxg5 18.O-O-O Qa5 19.Bc4 O-O-O 20.Bxe6+ fxe6 21.Qc4+ Kd7
22.Qb3 b5 23.Rh6 Qb6 24.Ne2 Rc8 25.e5 Qf2 26.Nd4 Rc4 27.Rxg6 Rxg6 28.Qd3 Rh6
29.exd6 exd6 30.b3 Rxd4 31.Qxd4 Qxd4 32.Rxd4 Rh4 33.Rxh4 gxh4 34.Kd2  1/2-1/2

[Event "WYCC Boys U18"]
[Site "Vung Tau City VIE"]
[Date "2008.10.22"]
[Round "3"]
[White "Dang The Nam"]
[Black "Wiwatanadate,P"]
[Result "1-0"]
[WhiteElo "2142"]
[BlackElo "1992"]

1.e4 c5 2.Nf3 d6 3.d4 cxd4 4.Nxd4 Nf6 5.Nc3 a6 6.Be3 e6 7.f3 b5 8.g4 h6 9.Qd2 Nbd7
10.O-O-O Bb7 11.h4 b4 12.Nce2 d5 13.Bh3 Ne5 14.b3 Qa5 15.Kb1 dxe4 16.g5 Nd5
17.fxe4 Nc3+ 18.Nxc3 bxc3 19.Qg2 Ba3 20.g6 f5 21.Nxe6 Bxe4 22.Qf2 Nc4 23.Nxg7+ Ke7
24.Bxf5 Rad8 25.Bg5+ hxg5 26.Qa7+ Kf6 27.Qf7+ Ke5 28.Qe6+  1-0

[Event "WYCC Boys U18"]
[Site "Vung Tau City VIE"]
[Date "2008.10.22"]
[Round "4"]
[White "Ashwin,J"]
[Black "Ter Sahakyan,S"]
[Result "1/2-1/2"]
[WhiteElo "2437"]
[BlackElo "2495"]

1.e4 c5 2.Nf3 d6 3.d4 cxd4 4.Nxd4 Nf6 5.Nc3 a6 6.Be3 e6 7.f3 b5 8.Qd2 Bb7
9.g4 Nfd7 10.O-O-O Nb6 11.a3 N8d7 12.f4 Be7 13.f5 e5 14.f6 Nxf6 15.Nf5 Bf8
16.Nxb5 Nxe4 17.Qb4 axb5 18.Qxb5+ Qd7 19.Qxb6 Bc6 20.Bc4 Qb7 21.Qxb7 Bxb7
22.Bb5+ Kd8 23.Bb6+ Kc8 24.Rhe1 g6 25.Ne3 Bh6 26.Kb1 d5 27.Nxd5 Nd2+ 28.Rxd2 Bxd2
29.Rxe5 Ba5 30.b4 Bxd5 31.Bxa5 Rxa5 32.bxa5 Be6 33.g5 Rd8 34.a4 Rd2 35.Rc5+ Kb8
36.h4 Rd4 37.a6 Rxh4 38.Rc6 Rg4 39.c4 Rxg5 40.c5 h5 41.Rb6+ Ka8 42.c6 Rc5
43.Rb7 h4 44.c7 h3 45.Rb8+  1/2-1/2

[Event "WYCC Boys U14"]
[Site "Vung Tau City VIE"]
[Date "2008.10.22"]
[Round "4"]
[White "Gaehwiler,G"]
[Black "Naroditsky,D"]
[Result "1-0"]
[WhiteElo "2093"]
[BlackElo "2382"]

1.e4 c5 2.Nf3 d6 3.d4 cxd4 4.Nxd4 Nf6 5.Nc3 a6 6.Be3 e5 7.Nb3 Be6 8.f3 Be7
9.Qd2 O-O 10.O-O-O Nbd7 11.g4 b5 12.g5 b4 13.Ne2 Ne8 14.f4 a5 15.f5 a4 16.fxe6 axb3
17.exf7+ Rxf7 18.Kb1 Rxa2 19.Nc1 Qa8 20.Nxb3 Rf3 21.Bc4+ Kh8 22.Bd5 Qa4 23.Rhf1 Rxe3
24.Qxe3 Nc5 25.Qf3 Nf6 26.gxf6 Bxf6 27.Qg4 Qa6 28.Rxf6  1-0

[Event "Autumn"]
[Site "Nea Filadelfia GRE"]
[Date "2008.10.23"]
[Round "2"]
[White "Kostopoulos,E"]
[Black "Ilandzis,S"]
[Result "1-0"]
[WhiteElo "2179"]
[BlackElo "2147"]

1.e4 c5 2.Nf3 d6 3.d4 cxd4 4.Nxd4 Nf6 5.Nc3 a6 6.Be3 e6 7.f3 Qb6 8.Qc1 Qc7
9.Qd2 b5 10.O-O-O b4 11.Nce2 Bb7 12.g4 h6 13.h4 Nbd7 14.Rg1 g6 15.Kb1 d5
16.g5 hxg5 17.hxg5 Nh5 18.exd5 Bxd5 19.Rc1 Ne5 20.b3 Bxf3 21.c3 Be4+ 22.Ka1 Nd3
23.Rc2 Qh2 24.Bg2 Bxg2 25.Qxd3 Bg7 26.Nxe6 fxe6 27.Qxg6+ Kd7 28.Qf7+ Kd6
29.Rxg2 Bxc3+ 30.Nxc3 Qh1+ 31.Nb1 Rad8 32.Qc7+ Kd5 33.Rc4  1-0

[Event "WYCC Boys U16"]
[Site "Vung Tau City VIE"]
[Date "2008.10.23"]
[Round "5"]
[White "Skoda,M"]
[Black "Ivanov L.,S"]
[Result "1-0"]
[WhiteElo "2001"]
[BlackElo "2134"]

1.e4 c5 2.Nf3 d6 3.d4 cxd4 4.Nxd4 Nf6 5.Nc3 a6 6.Be3 e5 7.Nb3 Be6 8.f4 exf4
9.Bxf4 Nc6 10.Qe2 Nd7 11.O-O-O Nce5 12.h3 Be7 13.Kb1 Rc8 14.Nd5 Bxd5 15.exd5 O-O
16.g4 Re8 17.Qg2 Bg5 18.Bxg5 Qxg5 19.Nd4 Nb6 20.b3 Ng6 21.c4 Nf4 22.Qf2 Qe5
23.Nc2 Nd7 24.Bd3 Nc5 25.Bf5 Ne2 26.Rde1 Nc3+ 27.Ka1 Ne2+ 28.Kb1 Nc3+ 29.Ka1 Ne2+
30.Kb1 Ne4 31.Bxe4 Nc3+ 32.Ka1 Nxe4+ 33.Qd4 Qxd4+ 34.Nxd4 g6 35.Re3 Kf8 36.Rf1 Nd2
37.Rxe8+ Rxe8 38.Rf2 Ne4 39.Rf1 Ng3 40.Rf3 Ne4 41.h4 Kg7 42.g5 Nc5 43.Rf6 Ne4
44.Rf3 Nc5 45.Rf6 Re4 46.Nf3 Re3 47.Kb2 Ne4 48.Rf4 Re2+ 49.Ka3 Nc5 50.Rf6 Rf2
51.Rf4 Nd3 52.Rf6 Nc1 53.Kb4 Nxa2+ 54.Ka5 Nc1 55.Kb6 Nxb3 56.Nd4 Rb2 57.Nxb3 Rxb3+
58.Kc7 Rb4 59.Rxd6 Rxc4+ 60.Kxb7 a5 61.Ra6 Kf8 62.Rc6 Rxh4 63.Kc8 Rg4 64.d6 Rxg5
65.d7 Rd5 66.d8=Q+ Rxd8+ 67.Kxd8 h5 68.Kd7 h4 69.Kd6 Kg7 70.Ke5 a4 71.Kf4 f6
72.Kg4 g5 73.Kh5 Kf7 74.Ra6 Ke7 75.Rxa4 Ke6 76.Kg4 Ke5 77.Ra5+ Ke6 78.Kh5 Kd6
79.Rf5 Ke6 80.Rb5 Kd6 81.Kg4 Ke6 82.Ra5 Kd6 83.Kf5  1-0

[Event "WYCC Boys U18"]
[Site "Vung Tau City VIE"]
[Date "2008.10.23"]
[Round "5"]
[White "Ter Sahakyan,S"]
[Black "Darini,P"]
[Result "1/2-1/2"]
[WhiteElo "2495"]
[BlackElo "2263"]

1.e4 c5 2.Nf3 d6 3.d4 cxd4 4.Nxd4 Nf6 5.Nc3 a6 6.Be3 e6 7.f3 b5 8.g4 Nfd7
9.Qd2 Nb6 10.Bd3 N8d7 11.O-O-O Bb7 12.h4 Ne5 13.Kb1 Rc8 14.Nce2 d5 15.Ng3 Nbc4
16.Bxc4 Nxc4 17.Qc1 Qc7 18.e5 Nxe5 19.Nh5 Nc4 20.Rhe1 Kd7 21.Bf4 Qb6 22.Bh2 Bc5
23.Bg1 e5 24.Nxg7 exd4 25.Qf4 Qg6 26.Bxd4 Bxd4 27.Qxd4 Nd6 28.Nh5 Qxc2+  1/2-1/2

[Event "WYCC Boys U16"]
[Site "Vung Tau City VIE"]
[Date "2008.10.23"]
[Round "5"]
[White "Dole,A"]
[Black "Ivekovic,Z"]
[Result "0-1"]
[WhiteElo "1997"]
[BlackElo "2270"]

1.e4 c5 2.Nf3 d6 3.d4 cxd4 4.Nxd4 Nf6 5.Nc3 a6 6.Be3 e5 7.Nb3 Be6 8.f3 Be7
9.Qd2 O-O 10.O-O-O a5 11.Bb5 Na6 12.Qe2 Qb8 13.Bb6 Nc7 14.Bxc7 Qxc7 15.g4 Rfc8
16.Kb1 Nd7 17.a4 Nb6 18.Nd5 Nxd5 19.exd5 Bd7 20.Bd3 b5 21.axb5 a4 22.Nc1 a3
23.Qe4 f5 24.Qb4 Bxb5 25.Bxf5 Bd7 26.Qc3 axb2 27.Qxb2 Bxf5 28.gxf5 Bf6 29.Rhg1 e4  0-1

[Event "WYCC Girls U16"]
[Site "Vung Tau City VIE"]
[Date "2008.10.24"]
[Round "6"]
[White "Sia Xin Jie,S"]
[Black "De la Parra Hurtado,D"]
[Result "1-0"]
[WhiteElo "1762"]
[BlackElo "1847"]

1.e4 c5 2.Nf3 d6 3.d4 cxd4 4.Nxd4 Nf6 5.Nc3 a6 6.Be3 e5 7.Nb3 Be6 8.f3 Nbd7
9.Qd2 Nb6 10.Qf2 Nc4 11.Bxc4 Bxc4 12.Bb6 Qd7 13.g4 h6 14.O-O-O d5 15.exd5 Bxd5
16.Rhe1 Qe6 17.Bc7 Bd6 18.Bxd6 Qxd6 19.Nxd5 Nxd5 20.Qd4 f6 21.Qxd5 Qxd5 22.Rxd5 Rd8
23.Red1 Rxd5 24.Rxd5 Ke7 25.Nc5 h5 26.Rd7+ Ke8 27.Rxb7  1-0

[Event "WYCC Boys U16"]
[Site "Vung Tau City VIE"]
[Date "2008.10.24"]
[Round "6"]
[White "Nguyen Van Hai"]
[Black "Ong,Wah"]
[Result "1-0"]
[WhiteElo "2268"]
[BlackElo "1766"]

1.e4 c5 2.Nf3 d6 3.d4 cxd4 4.Nxd4 Nf6 5.Nc3 a6 6.Be3 e5 7.Nb3 Be6 8.f3 Nbd7
9.Qd2 Qc7 10.O-O-O b5 11.g4 Nb6 12.g5 Nfd7 13.Nd5 Bxd5 14.exd5 Nc4 15.Bxc4 Qxc4
16.Kb1 a5 17.Rhg1 b4 18.Rg4 Qa6 19.h4 Be7 20.h5 O-O 21.g6 fxg6 22.hxg6 h5
23.Rh1 Rxf3 24.Rgg1 Rf5 25.Qd1 Nf6 26.Bg5 a4 27.Nc1 a3 28.b3 Qc8 29.Rg3 Qc5
30.Bxf6 Bxf6 31.Rxh5 Rxh5 32.Qxh5 Rc8 33.Qf5 Re8 34.Qd7 Qc8 35.Qf7+ Kh8 36.Rh3+  1-0

[Event "WYCC Boys U18"]
[Site "Vung Tau City VIE"]
[Date "2008.10.24"]
[Round "6"]
[White "Delorme,Ax"]
[Black "Ter Sahakyan,S"]
[Result "0-1"]
[WhiteElo "2415"]
[BlackElo "2495"]

1.e4 c5 2.Nf3 d6 3.d4 Nf6 4.Nc3 cxd4 5.Nxd4 a6 6.Be3 e6 7.f3 b5 8.Qd2 Bb7
9.g4 Nfd7 10.O-O-O Nb6 11.Nb3 Nc6 12.Qf2 Nd7 13.Kb1 Be7 14.h4 O-O 15.g5 Rc8
16.Ne2 Nce5 17.Ned4 Nc4 18.Bc1 d5 19.Bh3 Nd6 20.exd5 Bxd5 21.h5 Bxg5 22.Qg3 Bxc1
23.Qxd6 Bg5 24.Rhg1 Nc5 25.Qg3 Nxb3 26.axb3 Bf6 27.Nf5 exf5 28.Bxf5 Rc6 29.Rd3 Qd6
30.Qxd6 Rxd6 31.c4 Be6 32.Rxd6 Bxf5+ 33.Ka2 Be6 34.c5 a5 35.Ka3 Be7  0-1

[Event "Vasylyshyn Mem"]
[Site "Lviv UKR"]
[Date "2008.10.25"]
[Round "7"]
[White "Leniart,A"]
[Black "Zakhartsov,Vi"]
[Result "1/2-1/2"]
[WhiteElo "2368"]
[BlackElo "2537"]

1.e4 c5 2.Nf3 d6 3.d4 cxd4 4.Nxd4 Nf6 5.Nc3 a6 6.Be3 e5 7.Nf3 Be7 8.Bc4 O-O
9.O-O Nc6 10.Qe2 Na5 11.Bd5 Be6 12.Rfd1 Qc7 13.Bg5 Rac8 14.Bxf6 Bxf6 15.h3 b5
16.a3 Rfd8 17.Rd2 Nc4 18.Bxc4 Bxc4 19.Qe3 Qb7 20.Rad1 b4 21.Nd5 Bxd5 22.Rxd5 bxa3
23.bxa3 Rxc2 24.Nxe5 h5 25.Nf3 Rc3 26.R1d3 Rdc8 27.Rxd6 Qb1+ 28.Kh2 h4 29.Qe2 Rc2
30.Rd2 Rxd2 31.Rxd2 Rc1 32.g4 hxg3+ 33.fxg3 Qb3 34.e5 Be7 35.e6 Qxe6 36.Qxe6 fxe6
37.Rd7 Rc2+ 38.Kh1 Bf6 39.g4 g5 40.h4 gxh4 41.g5 Bb2 42.Nxh4 Bxa3 43.Ra7 Rc6
44.Ng6 Bc5 45.Ne7+ Bxe7 46.Rxe7 a5 47.Ra7 Rc5 48.g6 Rg5 49.Kh2 Rxg6 50.Rxa5 Kf7
51.Kh3 Rg1 52.Ra2 Ke7 53.Rd2 Rg6 54.Rd1 Rg8 55.Rd2 Rg7 56.Re2 Rg5 57.Re1 Kf6
58.Rf1+ Kg6 59.Rf4 e5 60.Rg4 Kf5 61.Rxg5+ Kxg5 62.Kg3 e4 63.Kf2 Kf4  1/2-1/2

[Event "WYCC Boys U18"]
[Site "Vung Tau City VIE"]
[Date "2008.10.26"]
[Round "7"]
[White "Dang The Nam"]
[Black "Sarenac,D"]
[Result "1/2-1/2"]
[WhiteElo "2142"]
[BlackElo "2241"]

1.e4 c5 2.Nf3 d6 3.d4 cxd4 4.Nxd4 Nf6 5.Nc3 a6 6.Be3 e5 7.Nb3 Be6 8.f3 Be7
9.Qd2 O-O 10.O-O-O Nbd7 11.g4 b5 12.g5 b4 13.Ne2 Ne8 14.h4 a5 15.Kb1 a4 16.Nbc1 b3
17.cxb3 axb3 18.a3 d5 19.Nxb3 d4 20.Nbxd4 exd4 21.Nxd4 Ne5 22.f4 Nc4 23.Bxc4 Bxc4
24.Nf5 Qc7 25.Qd7 Bxa3 26.Qxc7 Nxc7 27.bxa3 Be2 28.Bc5 Rfb8+ 29.Ka2 Bxd1
30.Rxd1 Nb5 31.Rd3 Kh8  1/2-1/2

[Event "WYCC Boys U16"]
[Site "Vung Tau City VIE"]
[Date "2008.10.26"]
[Round "7"]
[White "Skoda,M"]
[Black "Dubessay,B"]
[Result "1/2-1/2"]
[WhiteElo "2001"]
[BlackElo "2147"]

1.e4 c5 2.Nf3 d6 3.d4 cxd4 4.Nxd4 Nf6 5.Nc3 a6 6.Be3 e5 7.Nb3 Be6 8.f4 exf4
9.Bxf4 Nc6 10.Qe2 Be7 11.h3 Nd7 12.O-O-O Nce5 13.Kb1 O-O 14.Qe3 Qc7 15.g4 Rac8
16.Rh2 Nb6 17.g5 Nbc4 18.Bxc4 Nxc4 19.Qg3 b5 20.Nd5 Bxd5 21.exd5 Rfe8 22.h4 Bf8
23.h5 g6 24.hxg6 hxg6 25.Qh3 Bg7 26.Bc1 Re4 27.Rdh1 Kf8 28.Qf3 Re5 29.Nd4 Qb7
30.Rh8+ Ke7 31.Rxc8 Qxc8 32.Nc6+ Kf8 33.Nxe5 Nxe5 34.Qe4 a5 35.Rf1 Kg8 36.c3 Qh3
37.Re1 Qd7 38.Bf4 Qb7 39.Ka1 Kh7 40.Kb1 Kg8 41.Bxe5 Bxe5 42.Rc1 Qe7 43.Qe3 Qd7
44.Qb6 a4 45.Qb8+ Kg7 46.Rh1 Qf5+ 47.Ka1 Bh2 48.Qxb5 Qe4 49.Rd1 a3 50.bxa3 Qe3
51.Kb2 Be5 52.Qc4 Qxg5 53.a4 Qd8 54.Qb5 Qf6 55.Rc1 g5 56.a5 g4 57.a6 g3 58.Qe2 Qd8
59.Qe3 Qa5 60.a7 Qxd5 61.Qg5+ Kh7 62.Qh5+ Kg7 63.Qg5+ Kh7 64.Qf5+ Kh6 65.Qh3+ Kg7
66.Qg4+ Kf6 67.Qh4+ Kg7  1/2-1/2

[Event "Vasylyshyn Mem"]
[Site "Lviv UKR"]
[Date "2008.10.27"]
[Round "9"]
[White "Oleksienko,M"]
[Black "Grekh,A"]
[Result "1/2-1/2"]
[WhiteElo "2585"]
[BlackElo "2391"]

1.e4 c5 2.Nf3 d6 3.d4 cxd4 4.Nxd4 Nf6 5.Nc3 a6 6.Be3 e6 7.f3 Be7 8.Qd2 O-O
9.O-O-O Nc6 10.g4 Nxd4 11.Bxd4 Nd7 12.h4 b5 13.g5 Qc7 14.Kb1 b4 15.Na4 a5
16.b3 Nc5 17.Nxc5 dxc5 18.Ba1 Rd8 19.Qe1 Rxd1+ 20.Qxd1 Ba6 21.Bxa6 Rxa6 22.Qe2 Ra8
23.Rd1 Rd8 24.Rxd8+ Qxd8 25.a4 bxa3 26.Ka2 Qb8 27.e5  1/2-1/2

[Event "WYCC Boys U18"]
[Site "Vung Tau City VIE"]
[Date "2008.10.28"]
[Round "9"]
[White "Poetz,F"]
[Black "Getz,N"]
[Result "1-0"]
[WhiteElo "2255"]
[BlackElo "2176"]

1.e4 c5 2.Nf3 d6 3.d4 cxd4 4.Nxd4 Nf6 5.Nc3 a6 6.Be3 e5 7.Nb3 Be6 8.f3 Be7
9.Qd2 O-O 10.O-O-O a5 11.a4 Na6 12.g4 Nb4 13.g5 Nh5 14.Kb1 Qc8 15.Bb5 f5
16.Rhg1 fxe4 17.fxe4 g6 18.Bb6 Nf4 19.Bxa5 d5 20.Nxd5 Nfxd5 21.exd5 Nxd5
22.Rg3 b6 23.Bc3 Rd8 24.Re1 Bf5 25.Qe2 e4 26.Nd4 Nxc3+ 27.Rxc3 Rxd4 28.Rxc8+ Rxc8
29.Rd1 Rxd1+ 30.Qxd1 Rd8 31.Bc4+ Kg7 32.Qg1 Bc5 33.Qg3 Kf8 34.Qc7 Rd7 35.Qb8+ Ke7
36.Qe5+ Kd8 37.Qb8+ Ke7 38.Qe5+ Kd8 39.a5 Bd6 40.Qh8+ Kc7 41.a6 Rd8 42.Qxd8+  1-0

[Event "WYCC Boys U18"]
[Site "Vung Tau City VIE"]
[Date "2008.10.28"]
[Round "9"]
[White "Ma Qun"]
[Black "Rasulov,Vu"]
[Result "1-0"]
[WhiteElo "2241"]
[BlackElo "2384"]

1.e4 c5 2.Nf3 d6 3.d4 cxd4 4.Nxd4 Nf6 5.Nc3 a6 6.Be3 e6 7.g4 e5 8.Nf5 g6
9.g5 gxf5 10.exf5 d5 11.Qf3 d4 12.O-O-O Qc7 13.Rxd4 exd4 14.Bxd4 Nbd7 15.gxf6 Kd8
16.Nd5 Qc6 17.Bg2 Bc5 18.Bc3 a5 19.Rd1 Rg8 20.Qh3 Qa4 21.Be5 Nxe5 22.Nb6+ Qd4
23.Rxd4+ Bxd4 24.Nxa8 Re8 25.Qb3 Bxf2 26.Qd5+ Nd7 27.Qd6 Re1+ 28.Kd2 Ke8
29.Qc7 Nxf6 30.Qxc8+ Ke7 31.Qc7+ Kf8 32.Qf4  1-0

[Event "WYCC Girls U16"]
[Site "Vung Tau City VIE"]
[Date "2008.10.28"]
[Round "9"]
[White "Papp,P"]
[Black "Kovaliova,V"]
[Result "1/2-1/2"]
[WhiteElo "2126"]
[BlackElo "2000"]

1.e4 c5 2.Nf3 d6 3.d4 cxd4 4.Nxd4 Nf6 5.Nc3 a6 6.Be3 e5 7.Nb3 Be6 8.f3 h5
9.Be2 Be7 10.O-O Nbd7 11.a4 b6 12.Nd5 Nxd5 13.exd5 Bf5 14.f4 g6 15.Qd2 O-O
16.fxe5 Nxe5 17.c3 Bg4 18.Bd3 Bf6 19.Nd4 Bd7 20.Nf3 Nxd3 21.Qxd3 Bg4 22.Nd4 Bg5
23.Bf2 Bh4 24.Nc6 Bxf2+ 25.Rxf2 Qg5 26.Qg3 h4 27.Qxd6 Rae8 28.Qf6 Qxf6 29.Rxf6 Re2
30.Rf2 Rfe8 31.Raf1 h3 32.Nd4 R2e3 33.Nf3 Rd3 34.c4 Ree3 35.Ng5 f5 36.Nxh3 Bxh3
37.gxh3 Rxh3 38.Kg2 Rh4 39.Rc1 Kg7 40.Rcc2 Rg4+ 41.Kf1 Rdd4 42.b3 Rd3 43.b4 Rd1+
44.Ke2 Rdd4 45.c5 bxc5 46.bxc5 Rxd5 47.c6 Rd8 48.c7 Re4+ 49.Kf3 Rc8 50.Rc6 Re7
51.Rg2 Rexc7 52.Rgxg6+ Kf7 53.Rxc7+ Rxc7 54.Rxa6 Rc4 55.Kg3 Rg4+ 56.Kf3 Rh4
57.h3 Rxh3+ 58.Kf4 Ke7 59.Kxf5 Kd7 60.Ke5 Rh5+ 61.Kd4 Kc7 62.Kc4 Kb7 63.Rf6 Rh4+
64.Kb3 Rh3+ 65.Kc2 Rh2+ 66.Kd3 Rh3+ 67.Ke2 Rh4 68.a5 Ra4 69.Rf5 Ka6 70.Re5 Rxa5
71.Rxa5+ Kxa5  1/2-1/2

[Event "WYCC Boys U16"]
[Site "Vung Tau City VIE"]
[Date "2008.10.28"]
[Round "9"]
[White "Dole,A"]
[Black "Bar,A"]
[Result "1-0"]
[WhiteElo "1997"]
[BlackElo "2101"]

1.e4 c5 2.Nf3 d6 3.d4 cxd4 4.Nxd4 Nf6 5.Nc3 a6 6.Be3 e5 7.Nb3 Be7 8.f3 O-O
9.Qd2 Be6 10.O-O-O Nbd7 11.g4 b5 12.g5 b4 13.Ne2 Ne8 14.f4 a5 15.f5 a4 16.Nbd4 b3
17.Kb1 exd4 18.Nxd4 bxc2+ 19.Nxc2 Bb3 20.axb3 axb3 21.Na3 Ne5 22.h4 Ra4 23.Qc3 Qa8
24.Bg2 Nc7 25.Qxc7 Rc8 26.Qxe7 Rxa3 27.bxa3 Nc4 28.Qa7 Nxa3+ 29.Kb2 Rc2+
30.Kxa3 Ra2+ 31.Kxb3 Rxa7 32.Bxa7 Qxa7 33.Ra1 Qe3+ 34.Kc4 Kf8 35.Rhb1 Qe2+
36.Kd5 Qd3+ 37.Kc6 Qc4+ 38.Kd7 f6 39.g6 hxg6 40.fxg6  1-0

[Event "WYCC Boys U16"]
[Site "Vung Tau City VIE"]
[Date "2008.10.29"]
[Round "10"]
[White "Debashis,D"]
[Black "Grandelius,N"]
[Result "1-0"]
[WhiteElo "2309"]
[BlackElo "2464"]

1.e4 c5 2.Nf3 d6 3.d4 cxd4 4.Nxd4 Nf6 5.Nc3 a6 6.Be3 e5 7.Nb3 Be6 8.f3 Nbd7
9.Qd2 b5 10.g4 Nb6 11.g5 Nfd7 12.Na5 Qc7 13.O-O-O Rc8 14.Kb1 Be7 15.h4 O-O
16.h5 f5 17.Bh3 Nc5 18.a3 Nca4 19.Nxa4 bxa4 20.Bxf5 Bxf5 21.exf5 Rxf5 22.Bxb6 Qxb6
23.Qd5+ Kh8 24.Qe6 Rcf8 25.Qxe7 Qxa5 26.h6 R8f7 27.Qxd6 Kg8 28.g6 hxg6 29.h7+ Kh8
30.Rd5 Qc7 31.Qxc7  1-0

[Event "WYCC Boys U18"]
[Site "Vung Tau City VIE"]
[Date "2008.10.29"]
[Round "10"]
[White "Ashwin,J"]
[Black "Pereira,Rub"]
[Result "1/2-1/2"]
[WhiteElo "2437"]
[BlackElo "2437"]

1.e4 c5 2.Nf3 d6 3.d4 cxd4 4.Nxd4 Nf6 5.Nc3 a6 6.Be3 e6 7.f3 b5 8.Qd2 Nbd7
9.g4 Nb6 10.Qf2 Nfd7 11.f4 Bb7 12.f5 e5 13.Ne6 fxe6 14.fxe6 Qf6 15.exd7+ Nxd7
16.Qe2 Qh4+ 17.Bf2 Qh6 18.h4 Be7 19.Bg2 O-O 20.g5 Qg6 21.O-O-O Rac8 22.Nd5 Bxd5
23.Rxd5 Nc5 24.Qg4 Rc7 25.Be3 h5 26.Qe2 Rfc8 27.Bxc5 Rxc5 28.Rxc5 dxc5 29.Bh3 Rd8
30.Rf1 Rd6 31.Bf5 Qe8 32.g6 Bxh4 33.Qxh5 Bf6 34.Bc8 Qd8 35.Bb7 Kf8 36.Bd5 Ke7
37.Rf5 Kd7 38.Qh3 Ke7 39.Rh5 Qd7 40.Qg3 Qc7 41.a3 c4 42.Kb1 a5 43.Qc3 Rd8
44.a4 b4 45.Qh3 Qc8 46.Qf1 c3 47.Qb5 Qc7 48.Rh3 cxb2 49.Kxb2 Rc8 50.Bb3 Qd7
51.Qxd7+ Kxd7 52.Rd3+ Kc6 53.Rd5 Kb6 54.Rb5+ Ka6 55.Rd5 Rc6 56.Rd7 Kb6 57.Bd5 Rc7
58.Rd6+ Kc5 59.Ra6 Kd4 60.Rxa5 Bg5 61.Rb5 Bd2 62.a5 Rc5 63.Rxc5 Kxc5 64.a6 Kb6
65.Bc4 Be3 66.Kb3 Ka5 67.Bd3 Bd4 68.Be2 Be3 69.Bd3 Bd4 70.Kc4 Kxa6 71.Kd5+ Kb6
72.Ke6 Be3 73.Kxe5 Kc7 74.Ke6 Kd8 75.Bb5 Bd4 76.Ba4 Bc3 77.e5 Bd4 78.Kd6 Bc3
79.Bb5 Bd4 80.Ke6 Bc3 81.Bc6 Bd4 82.Kd5 Bc3 83.Ba4 Ke7 84.e6 Be1 85.Bd7 Bc3
86.Kc4 Kd6 87.Kd3 Be1  1/2-1/2

[Event "WYCC Boys U16"]
[Site "Vung Tau City VIE"]
[Date "2008.10.29"]
[Round "10"]
[White "Nguyen Van Hai"]
[Black "Vlasak,Lu"]
[Result "1/2-1/2"]
[WhiteElo "2268"]
[BlackElo "2161"]

1.e4 c5 2.Nf3 d6 3.d4 cxd4 4.Nxd4 Nf6 5.Nc3 a6 6.Be3 e5 7.Nb3 Be6 8.f3 Be7
9.Qd2 O-O 10.O-O-O Nbd7 11.g4 Qc7 12.Kb1 b5 13.g5 Nh5 14.Nd5 Bxd5 15.exd5 Nb6
16.Qf2 Rab8 17.Rg1 Nc4 18.Bc1 a5 19.Nd2 Rfc8 20.Ne4 Qb7 21.Bh3 Rc7 22.Bg4 Nf4
23.Bxf4 exf4 24.Nf6+ Bxf6 25.gxf6 b4 26.Bc8 Rcxc8 27.Rxg7+ Kf8 28.Rxh7 Ke8
29.Re1+ Ne5 30.Qd4 Qc7 31.Qe4 Qc5 32.Rg7 Qf2 33.Re2 Qf1+ 34.Re1 Qf2 35.Re2  1/2-1/2

[Event "WYCC Boys U14"]
[Site "Vung Tau City VIE"]
[Date "2008.10.29"]
[Round "10"]
[White "Van Kampen,R"]
[Black "Chen Peng"]
[Result "1-0"]
[WhiteElo "2307"]
[BlackElo "2046"]

1.e4 c5 2.Nf3 d6 3.d4 cxd4 4.Nxd4 Nf6 5.Nc3 a6 6.Be3 e6 7.Be2 Qc7 8.a4 b6
9.f4 Bb7 10.Bf3 Nbd7 11.Nb3 Be7 12.Qe2 O-O 13.O-O Rac8 14.Rad1 Rfd8 15.Rd2 Qb8
16.g4 Qa8 17.Qg2 Rc4 18.Rd4 Rxd4 19.Bxd4 e5 20.Be3 exf4 21.Bxf4 Ne5 22.Bxe5 dxe5
23.g5 Ne8 24.Nd5 Bxd5 25.exd5 Qc8 26.Re1 Bd6 27.Be4 Bc5+ 28.Kh1 Nd6 29.Nd2 Qd7
30.Bd3 Qxa4 31.b3 Qa2 32.Ne4 g6 33.Nf6+ Kg7 34.Qh3 h5 35.gxh6+ Kh8 36.Qh4 Rc8
37.Ne4 Ne8 38.Nxc5 bxc5 39.Qe7 Qa5 40.Qf8+ Kh7 41.Qxf7+ Kh8 42.Qf8+ Kh7 43.Bxg6+ Kxg6
44.Rg1+  1-0

[Event "Vasylyshyn Mem"]
[Site "Lviv UKR"]
[Date "2008.10.30"]
[Round "14"]
[White "Zherebukh,Y"]
[Black "Grekh,A"]
[Result "1-0"]
[WhiteElo "2473"]
[BlackElo "2391"]

1.e4 c5 2.Nf3 d6 3.d4 cxd4 4.Nxd4 Nf6 5.Nc3 a6 6.Be3 Nc6 7.f3 e6 8.Qd2 Be7
9.O-O-O O-O 10.g4 Nxd4 11.Qxd4 Nd7 12.h4 b5 13.g5 Rb8 14.Kb1 b4 15.Ne2 a5
16.h5 Bxg5 17.Rg1 Bf6 18.Qxd6 Ne5 19.Bc5 Nxf3 20.Rxg7+ Kxg7 21.Qg3+ Bg5 22.Rxd8 Rxd8
23.Nd4 h6 24.Qxf3 Bb7 25.Bd3 Rbc8 26.Ba7 a4 27.Qg3 b3 28.axb3 axb3 29.Nxb3 f6
30.Nc5  1-0

[Event "WYCC Boys U16"]
[Site "Vung Tau City VIE"]
[Date "2008.10.30"]
[Round "11"]
[White "Nguyen Van Thanh"]
[Black "Ivanov L.,S"]
[Result "1/2-1/2"]
[WhiteElo "2200"]
[BlackElo "2134"]

1.e4 c5 2.Nf3 d6 3.d4 cxd4 4.Nxd4 Nf6 5.Nc3 a6 6.Be3 e5 7.Nf3 Be7 8.Bc4 Be6
9.Bb3 Qc7 10.Bg5 Nbd7 11.O-O O-O 12.Re1 Rac8 13.h3 b5 14.Bxf6 Nxf6 15.Re2 Qb7
16.a3 Rc5 17.Ne1 Rxc3 18.bxc3 Nxe4 19.Re3 Bh4 20.Rf3 d5 21.Qe2 Qc7 22.Nd3 Bf6
23.Qe1 Nxc3 24.Nc5 Qxc5 25.Rxc3 Qd6 26.Rg3 e4 27.Rd1 Be5 28.Re3 Qc6 29.Qb4 Bd6
30.Qc3 Qb7 31.Qd4 Bf4 32.Ree1 Qc7 33.Bxd5 Bxd5 34.Qxd5 Qxc2 35.Qxe4 Qc7 36.Qe7 Qb6
37.Qe4 Bd6 38.Rd3 Bc5 39.Rf3 Qd6 40.Qd3  1/2-1/2

[Event "ch-BRA s/f"]
[Site "Dois Irmaos BRA"]
[Date "2008.11.01"]
[Round "4"]
[White "Di Berardino,D"]
[Black "Bittencourt,J"]
[Result "1/2-1/2"]
[WhiteElo "2502"]
[BlackElo "2455"]

1.e4 c5 2.Nf3 d6 3.d4 cxd4 4.Nxd4 Nf6 5.Nc3 a6 6.Be3 e5 7.Nb3 Be6 8.f3 Nbd7
9.g4 Nb6 10.g5 Nh5 11.Qd2 Be7 12.O-O-O Rc8 13.Kb1 O-O 14.Rg1 Qc7 15.Qf2 Bd8
16.h4 g6 17.Rg2 Nc4 18.Bxc4 Bxc4 19.f4 exf4 20.Bxf4 Nxf4 21.Qxf4 f6 22.Qg4 fxg5
23.hxg5 Be7 24.Rh2 Rce8 25.Nd2 Bd8 26.Nxc4 Qxc4 27.Qh4 Qc7 28.Nd5 Qf7 29.Nf6+ Bxf6
30.gxf6 Re6 31.Rf1 Rfe8  1/2-1/2

[Event "ch-BRA s/f"]
[Site "Dois Irmaos BRA"]
[Date "2008.11.01"]
[Round "5"]
[White "Bittencourt,J"]
[Black "Santiago,Y"]
[Result "1-0"]
[WhiteElo "2455"]
[BlackElo "2249"]

1.e4 c5 2.Nf3 d6 3.d4 cxd4 4.Nxd4 Nf6 5.Nc3 a6 6.Be3 e5 7.Nf3 Be7 8.Bc4 h6
9.O-O Be6 10.Bb3 Nc6 11.Qe2 Na5 12.Rfd1 Nxb3 13.axb3 Qc7 14.Nd2 Rc8 15.Nf1 O-O
16.f3 Qc6 17.Bf2 Nh5 18.Ne3 Nf4 19.Qd2 f5 20.exf5 Bxf5 21.Nxf5 Rxf5 22.Be3 Ne6
23.Nd5 Bd8 24.Nb4 Qe8 25.Qxd6 a5 26.Qd3 Rf7 27.Nd5 Qc6 28.c4 Nc5 29.Bxc5 Qxc5+
30.Kh1 Qf2 31.Rd2 Qh4 32.Re2 Qg5 33.Qe4 b5 34.cxb5 Rc5 35.Nc3 Rf4 36.Qe3 Rd4
37.Qxg5 hxg5 38.Re4 Rb4 39.Rxb4 axb4 40.Ne4 Rxb5 41.Ra8 Rd5 42.Kg1 Kf7 43.Kf2 Be7
44.Ke2 Rd4 45.h3 Rd7 46.Nd2 Rd4 47.Rc8 Ke6 48.Rc6+ Kf7 49.Rc4 Rd7 50.Re4 Rd5
51.Nc4 Ke6 52.Ne3 Rb5 53.Kd3 Ra5 54.Nc4 Rd5+ 55.Kc2 Rb5 56.Re1 Rc5 57.Ra1 Kf5
58.Re1 Ke6 59.g4 Bf6 60.Ra1 Rc8 61.Ra6+ Kd7 62.Rb6 Rh8 63.Rxb4 Rxh3 64.Nd2 Kc6
65.Rc4+ Kb5 66.Kd3 e4+ 67.Kxe4 Bxb2 68.Kf5 Bf6 69.Kg6 Rh6+ 70.Kf7 Rh3 71.Ke6 Bb2
72.Rc7 Kb6 73.Rd7 Ba1 74.Rd3 Rh6+ 75.Kf5 Rc6 76.Kxg5 Rf6 77.Ne4 Rf8 78.Kg6 Be5
79.g5 Rf4 80.Ng3 Rb4 81.Nh5 Kc5 82.f4 Bd4 83.f5 Rb6+ 84.Kh7 Rb7 85.Nf4 Bb2
86.Ne6+ Kb4 87.Kg6 Rb6 88.Rd7 Kxb3 89.Rxg7 Kc4 90.Rd7  1-0